000
00508nam a2200169Ia 4500
008
110201s9999 xx 000 0 und d
082
_b
B7997
_a
S 1337
100
_a
मोने उत्तरा
245
_a
कृतार्थ
260
_b
अविष्कार पब्लिकेशन
365
_b
200
600
_a
मोने उत्तरा
630
_a
कृतार्थ
700
_a
मोने उत्तरा
730
_a
कृतार्थ
942
_c
BOOK
999
_c
833493
_d
833490